00566nam a2200217Ia 4500003000900000008004100009040001300050040001300063041000800076100002400084100001000108245012000118245001100238250000900249260002100258260000900279300001100288300001000299490003300309490000600342IT-RoPAU120407s9999 xx 000 0 und d aIT-RoPAU cIT-RoPAU aita aBurkhard Neunheuser ccoll. aIniziazione alla Messa. Esposizione storica, aspetti teologici, ascetici e catechistici del nuovo ordo della Messa. cAA.VV. aRoma aEdizioni Paoline c1970 a105 p. c18 cm aPunti scottanti di teol., 51 v1